00251nam a2200109Ia 4500008004100000100002700041245001700068260001800085650001400103942000700117999001700124190216s9999||||xx |||||||||||||| ||und|| aRadhakrishnan Kiliroor 0aAkathalangal bCurrent Books aMalayalam cBK c26087d26087